000 00285 a2200145 4500
001 170989
020 _a
040 _cMagnum
100 _aBelinky, Tatiana
240 1 0 _aSou do contra !
_lpor
245 1 0 _aSou do contra !
362 0 _a1899
697 _aIJ/FICCAO
942 _cBK
999 _c170989
_d170989